ბათუმის შოთა რუსთაველის სახელმწიფო უნივერსიტეტის ბიბლიოთეკა

ძმობის წიგნი (ბიბ.ჩანაწერი № 49121)

000 -LEADER
fixed length control field 01303nam a2200241Ia 4500
001 - CONTROL NUMBER
control field 16031
003 - CONTROL NUMBER IDENTIFIER
control field GE_BSU
008 - FIXED-LENGTH DATA ELEMENTS--GENERAL INFORMATION
fixed length control field 181216s||||||||xx |||||||||||||| ||und||
040 ## - CATALOGING SOURCE
Transcribing agency GE_BSU
080 ## - UNIVERSAL DECIMAL CLASSIFICATION NUMBER
Universal Decimal Classification number 821.353.1-1
100 ## - MAIN ENTRY--PERSONAL NAME
Personal name ჯანგულაშვილი, თეიმურაზ
245 ## - TITLE STATEMENT
Title ძმობის წიგნი
245 ## - TITLE STATEMENT
Remainder of title ლექსები
245 ## - TITLE STATEMENT
Statement of responsibility, etc. რედ.კაპანაძე. მხ.ა.სამაშვილი
260 ## - PUBLICATION, DISTRIBUTION, ETC.
Place of publication, distribution, etc. თბილისი
260 ## - PUBLICATION, DISTRIBUTION, ETC.
Name of publisher, distributor, etc. საბჭ. საქართველო
260 ## - PUBLICATION, DISTRIBUTION, ETC.
Date of publication, distribution, etc. 1986
300 ## - PHYSICAL DESCRIPTION
Extent 286გვ. ; 20სმ
653 ## - INDEX TERM--UNCONTROLLED
Uncontrolled term ლექსები
653 ## - INDEX TERM--UNCONTROLLED
Uncontrolled term ციკლები: რუსეთის გზებზე; მზედ დანთებული მიწა; ლექსები სომხეთს; მარადი ცეცხლის ქვეყანა; მიწისძვრა; სიმაღლეები; ჯეონი; აფხაზური რვეული; გამარჯობა, ოსეთო; ორდერზე გადასული გაზაფხული; ლექსები პოლონეთს; რუმინული დღიური
653 ## - INDEX TERM--UNCONTROLLED
Uncontrolled term ძმობის წიგნი
942 ## - ADDED ENTRY ELEMENTS (KOHA)
Koha item type წიგნი
ეგზემპლარები
Withdrawn status Lost status Damaged status Not for loan Date acquired Barcode Date last seen Price effective from Koha item type
        2018-12-17 39726 2018-12-17 2018-12-17 წიგნი